Dear Juno / (Record no. 2387)

MARC details
000 -LEADER
fixed length control field 01040cam a2200277 a 4500
005 - DATE AND TIME OF LATEST TRANSACTION
control field 20231204112743.0
020 ## - INTERNATIONAL STANDARD BOOK NUMBER
International Standard Book Number 9780439779364
040 ## - CATALOGING SOURCE
Original cataloging agency DLC
Transcribing agency DLC
Modifying agency DLC
Language of cataloging eng
050 00 - LIBRARY OF CONGRESS CALL NUMBER
Classification number PZ7.P173
Item number 1999
082 00 - DEWEY DECIMAL CLASSIFICATION NUMBER
Classification number 398.8
100 1# - MAIN ENTRY--PERSONAL NAME
Personal name Pak, Soyung
245 10 - TITLE STATEMENT
Title Dear Juno /
Statement of responsibility, etc. by Soyung Pak ; illustrated by Susan Kathleen Hartung
260 ## - PUBLICATION, DISTRIBUTION, ETC.
Name of publisher, distributor, etc. Scholastic,
Place of publication, distribution, etc. New York :
Date of publication, distribution, etc. 1999
300 ## - PHYSICAL DESCRIPTION
Extent 29 unnumbered pages
Other physical details Color illustrations
Dimensions 21 cm
505 ## - FORMATTED CONTENTS NOTE
Formatted contents note J <br/><br/>
520 ## - SUMMARY, ETC.
Summary, etc. Although Juno, a Korean American boy, cannot read the letter he receives from his grandmother in Seoul, he understands what it means from the photograph and dried flower that are enclosed and decides to send a similar letter back to her.
521 ## - TARGET AUDIENCE NOTE
Target audience note 500 AD <br/>
Source Lexile <br/>
521 ## - TARGET AUDIENCE NOTE
Target audience note J <br/>
Source Raz-Plus <br/>
650 #1 - SUBJECT ADDED ENTRY--TOPICAL TERM
Topical term or geographic name entry element Grandmothers
General subdivision Fiction.
650 #1 - SUBJECT ADDED ENTRY--TOPICAL TERM
Topical term or geographic name entry element Letters
General subdivision Fiction.
650 #1 - SUBJECT ADDED ENTRY--TOPICAL TERM
Topical term or geographic name entry element Korean Americans
General subdivision Fiction.
700 1# - ADDED ENTRY--PERSONAL NAME
Personal name Hartung, Susan Kathleen
Relator term illustrator
906 ## - LOCAL DATA ELEMENT F, LDF (RLIN)
a 7
b cbc
c orignew
d 1
e ocip
f 19
g y-gencatlg
942 ## - ADDED ENTRY ELEMENTS (KOHA)
Source of classification or shelving scheme Dewey Decimal Classification
Koha item type Books
Suppress in OPAC No
999 ## -
-- 2387
-- 2387
Holdings
Withdrawn status Lost status Source of classification or shelving scheme Damaged status Not for loan Collection Home library Current library Shelving location Date acquired Total Checkouts Full call number Barcode Date last seen Date last checked out Price effective from Koha item type
    Dewey Decimal Classification     Juvenile Fiction Footprints International School Library Network Toul Kork Campus Footprints International School Library Network Toul Kork Campus   11/22/2023 4 PAK 398.8 PZ7.P173 FISBK01077 02/06/2024 01/30/2024 11/22/2023 Books